书目信息 |
| 题名: |
中国古典名城巡礼
|
|
| 作者: | 周沙尘 主编 | |
| 分册: | ||
| 出版信息: | 北京 中国展望出版社 1982 |
|
| 页数: | 194页 | |
| 开本: | 19cm | |
| 丛书名: | 中国旅行知识丛书 | |
| 单 册: | ||
| 中图分类: | K928.5 , K-5 | |
| 科图分类: | ||
| 主题词: | 古城--简介--中国 , 历史 , 地理 | |
| 电子资源: | ||
| ISBN: | ||
| 000 | 00723oam2 2200277 450 | |
| 001 | 1560768078 | |
| 005 | 20150126165305.89 | |
| 010 | @dCNY0.58 | |
| 091 | @a12271.022 | |
| 100 | @a19950109d1982 em y0chiy0110 ea | |
| 101 | 0 | @achi |
| 102 | @aCN@b110000 | |
| 105 | @ay z 000yy | |
| 200 | 1 | @a中国古典名城巡礼@9zhong guo gu dian ming cheng xun li@f周沙尘主编 |
| 210 | @a北京@c中国展望出版社@d1982 | |
| 215 | @a194页@d19cm | |
| 225 | 2 | @a中国旅行知识丛书@v1 |
| 461 | 0 | @12001 @a中国旅行知识丛书 |
| 606 | 0 | @a古城@x简介@y中国 |
| 606 | 0 | @a历史 |
| 606 | 0 | @a地理 |
| 690 | @aK928.5@v5 | |
| 690 | @aK-5@v4 | |
| 701 | 0 | @a周沙尘@9zhou sha chen@4主编 |
| 801 | 0 | @aCN@bTSSF@c20150126 |
| 905 | @aZUCC@dK-5@eJY14 | |
| 中国古典名城巡礼/周沙尘主编.-北京:中国展望出版社,1982 |
| 194页;19cm.-(中国旅行知识丛书;1) |
| ISBN :CNY0.58 |
| ● |
| 相关链接 |
|
|
|
|
正题名:中国古典名城巡礼
索取号:K-5/JY14
 
预约/预借
| 序号 | 登录号 | 条形码 | 馆藏地/架位号 | 状态 | 备注 |
| 1 | 7838421 | 278384213 | 学院路分馆/ [索取号:K-5/JY14] | 在馆 |